<?xml version="1.0" encoding="UTF-8"?>
<collection xmlns="http://www.loc.gov/MARC21/slim">
 <record>
  <leader>04102nam a2200325 a 4500</leader>
  <controlfield tag="001">kal1346</controlfield>
  <controlfield tag="003">Gr-AtHEAL</controlfield>
  <controlfield tag="005">20160427104610.0</controlfield>
  <controlfield tag="006">m        d        </controlfield>
  <controlfield tag="008">160413s2015    gr      s           gre|c</controlfield>
  <datafield tag="020" ind1=" " ind2=" ">
   <subfield code="a">9789606030574</subfield>
  </datafield>
  <datafield tag="040" ind1=" " ind2=" ">
   <subfield code="a">GR-AtHEAL</subfield>
   <subfield code="b">gre</subfield>
   <subfield code="c">GR-AtHEAL</subfield>
  </datafield>
  <datafield tag="082" ind1="0" ind2="4">
   <subfield code="a">005</subfield>
   <subfield code="2">23</subfield>
  </datafield>
  <datafield tag="100" ind1="1" ind2=" ">
   <subfield code="a">Μαστοροκώστας, Πάρις.</subfield>
   <subfield code="8">717</subfield>
  </datafield>
  <datafield tag="245" ind1="1" ind2="0">
   <subfield code="a">Διαδικαστικός προγραμματισμός</subfield>
   <subfield code="h">[Ηλεκτρονικός πόρος] </subfield>
   <subfield code="b">Η γλώσσα C</subfield>
   <subfield code="c">Μαστοροκώστας, Πάρις ; Κριτικός αναγνώστης,Θραμπουλίδης, Κλεάνθης ; Γλωσσική επιμέλεια,Μπίσμπα, Άννα.</subfield>
  </datafield>
  <datafield tag="260" ind1=" " ind2=" ">
   <subfield code="a">Αθήνα :</subfield>
   <subfield code="b">Σύνδεσμος Ελληνικών Ακαδημαϊκών Βιβλιοθηκών,</subfield>
   <subfield code="c">c2015.</subfield>
  </datafield>
  <datafield tag="490" ind1=" " ind2=" ">
   <subfield code="a">Ακαδημαϊκά Ηλεκτρονικά Συγγράμματα και Βοηθήματα Κάλλιπος</subfield>
   <subfield code="8">40</subfield>
  </datafield>
  <datafield tag="520" ind1=" " ind2=" ">
   <subfield code="a">Το προτεινόμενο σύγγραμμα στοχεύει στην εισαγωγή του πρωτοετούς φοιτητή στις έννοιες του διαδικαστικού προγραμματισμού, του δομημένου προγραμματισμού και του τμηματικού προγραμματισμού. Ως όχημα θα χρησιμοποιηθεί η γλώσσα C, που συνδυάζει τα πλεονεκτήματα των γλωσσών προγραμματισμού υψηλού επιπέδου με την ευελιξία προγραμματισμού σε χαμηλότερο επίπεδο, λόγω των εγγενών χαρακτηριστικών και δυνατοτήτων της. Αρχικά θα καλυφθούν οι βασικές έννοιες του προγραμματισμού (βασική δομή προγράμματος, μεταβλητές, είσοδος-έξοδος, προτάσεις, τελεστές, γλωσσικές κατασκευές επανάληψης και διακλάδωσης, πίνακες και αλφαριθμητικά. Ακολούθως θα περιγραφούν πιο σύνθετα τμήματα του αντικειμένου όπως τύποι οριζόμενοι από το χρήστη, συναρτήσεις και αρχεία. Ιδιαίτερη έμφαση θα δοθεί στη διαχείριση των δεδομένων (δείκτες, κλήση κατ΄αναφορά, δυναμική δέσμευση μνήμης). Ιδιαίτερη έμφαση θα δοθεί στην αρθρωτή ανάπτυξη των προγραμμάτων και στην ανάπτυξη διαφανειών. Το τελευταίο κεφάλαιο του συγγράμματος θα αφιερωθεί σε μία εισαγωγή σε βασικές γραμμικές δομές δεδομένων (ουρά, στοίβα, συνδεδεμένη λίστα). Κύριος άξονας της ανάπτυξης των κεφαλαίων θα αποτελέσει η εξοικείωση με τις έννοιες μέσω παραδειγμάτων και μελέτης περιπτώσεων.</subfield>
  </datafield>
  <datafield tag="650" ind1=" " ind2="0">
   <subfield code="a">Computer programming</subfield>
   <subfield code="8">2654</subfield>
  </datafield>
  <datafield tag="653" ind1=" " ind2=" ">
   <subfield code="a">Αλγόριθμοι</subfield>
  </datafield>
  <datafield tag="653" ind1=" " ind2=" ">
   <subfield code="a">Διασυνδέσεις</subfield>
  </datafield>
  <datafield tag="653" ind1=" " ind2=" ">
   <subfield code="a">Τμηματικότητα</subfield>
  </datafield>
  <datafield tag="653" ind1=" " ind2=" ">
   <subfield code="a">Διαδικαστικός προγραμματισμός</subfield>
  </datafield>
  <datafield tag="653" ind1=" " ind2=" ">
   <subfield code="a">Επιστήμη υπολογιστών/Πληροφορική</subfield>
   <subfield code="a">Γλώσσες προγραμματισμού</subfield>
  </datafield>
  <datafield tag="700" ind1="1" ind2=" ">
   <subfield code="a">Θραμπουλίδης, Κλεάνθης</subfield>
   <subfield code="e">Κριτικός αναγνώστης</subfield>
   <subfield code="8">718</subfield>
  </datafield>
  <datafield tag="856" ind1="4" ind2="0">
   <subfield code="u">http://hdl.handle.net/11419/1346</subfield>
   <subfield code="z">Πλήρες Κείμενο - Full text</subfield>
  </datafield>
  <datafield tag="907" ind1=" " ind2=" ">
   <subfield code="a">.b25678140</subfield>
   <subfield code="b">12-06-18</subfield>
   <subfield code="c">29-07-16</subfield>
  </datafield>
  <datafield tag="949" ind1=" " ind2=" ">
   <subfield code="0">0</subfield>
   <subfield code="1">0</subfield>
   <subfield code="2">ddc</subfield>
   <subfield code="4">0</subfield>
   <subfield code="6">005_000000000000000_ΜΑΣ</subfield>
   <subfield code="7">0</subfield>
   <subfield code="8">KALL</subfield>
   <subfield code="8">573</subfield>
   <subfield code="d">2016-04-13</subfield>
   <subfield code="r">2016-04-13</subfield>
   <subfield code="w">2016-04-13</subfield>
   <subfield code="z">005 ΜΑΣ</subfield>
   <subfield code="o">SEAB KALLIPOS</subfield>
  </datafield>
  <datafield tag="998" ind1=" " ind2=" ">
   <subfield code="a">80</subfield>
   <subfield code="a">01</subfield>
   <subfield code="a">02</subfield>
   <subfield code="a">03</subfield>
   <subfield code="a">04</subfield>
   <subfield code="a">05</subfield>
   <subfield code="a">06</subfield>
   <subfield code="a">07</subfield>
   <subfield code="a">08</subfield>
   <subfield code="a">09</subfield>
   <subfield code="a">10</subfield>
   <subfield code="a">11</subfield>
   <subfield code="a">12</subfield>
   <subfield code="a">13</subfield>
   <subfield code="a">14</subfield>
   <subfield code="a">15</subfield>
   <subfield code="a">16</subfield>
   <subfield code="a">17</subfield>
   <subfield code="a">18</subfield>
   <subfield code="a">19</subfield>
   <subfield code="a">20</subfield>
   <subfield code="a">21</subfield>
   <subfield code="a">22</subfield>
   <subfield code="a">23</subfield>
   <subfield code="a">24</subfield>
   <subfield code="a">25</subfield>
   <subfield code="a">26</subfield>
   <subfield code="b">11-05-17</subfield>
   <subfield code="c">m</subfield>
   <subfield code="d">z  </subfield>
   <subfield code="e">-</subfield>
   <subfield code="f">gre</subfield>
   <subfield code="g">gr </subfield>
   <subfield code="h">0</subfield>
  </datafield>
  <datafield tag="942" ind1=" " ind2=" ">
   <subfield code="2">ddc</subfield>
   <subfield code="c">KALLIPOS</subfield>
  </datafield>
 </record>
</collection>
